00479 a2200145 450000500170000002000180001708200120003510000120004724500690005926000150012830000330014394200130017699900150018995201290020420250628075502.0 a0-435-45238-x a658GNVQ aGNVQ, H aBusiness: Carol Carysforth Maureen Rawlinson Mike Neild Level 2, bHEINEMANN, ax, 482p,: ill.; figurec26cm 2ddccBKS c5850d5850 r2025-06-28 07:56:23l0o658GNVpDOM0002252v150000.00w2025-06-28yBKS102ddc407000a004b004cGENd2025-06-28g50000.00